LIBRARY & INFORMATION CENTRE, KCAET, TAVANUR

ONLINE PUBLIC ACCESS CATALOGUE (OPAC)

Mooladhanam, Vol 2 / (Record no. 6116)

MARC details
000 -LEADER
fixed length control field 00448cam a2200181ua 4500
041 ## - LANGUAGE CODE
Language code of text/sound track or separate title mal
082 ## - DEWEY DECIMAL CLASSIFICATION NUMBER
Classification number 335.4
Item number MAR/MO
100 ## - MAIN ENTRY--AUTHOR NAME
Personal name Marx, Karl.
245 ## - TITLE STATEMENT
Title Mooladhanam, Vol 2 /
260 ## - PUBLICATION, DISTRIBUTION, ETC. (IMPRINT)
Place of publication Kottayam :
Name of publisher Sahitya Pravarthaka Co-operative Society ,
Year of publication 1968.
300 ## - PHYSICAL DESCRIPTION
Number of Pages 1150 ; .
942 ## - ADDED ENTRY ELEMENTS (KOHA)
Koha item type Books
Holdings
Withdrawn status Lost status Damaged status Home library Current library Date acquired Full call number Accession Number Koha item type
      KAUAET KAUAET 07/04/2012 335.4 12747 Books
Withdrawn     KAUAET Sanskrit University 07/04/2012 335.4 12746 Books
free website counter